00844nam a2200241Ia 4500003000400000005001700004006001800021007000300039008004100042024001100083037001100094040001800105041001300123100001700136110010100153245015300254260000900407300001800416650001400434700002700448700002600475700010100501OSt20220930090256.0a|||||r|||| 00| 0ta220926b |||||||| |||| 00| 0 eng d a109141 cTheses aCRLcCRLbeng 2engaeng aRajora Sudha aUniversity of Delhi. Faculty of Medical Sciences. Department of Prosthodontics, Crown and Bridge 0aComparative evaluation of the esthetics, primary stability and soft tissue response of zirconium implants with titanium implants b An in-vivo study c2010 a68p.ap.ccm. aDENTISTRY a Dr. Farrukh Faraz Gu. a Dr. Mahesh Verma Gu. aUniversity of Delhi. Faculty of Medical Sciences. Department of Prosthodontics, Crown and Bridge